01379nam a2200325 a 4500001001000000003000500010005001700015008004100032010001100073011001100084040000900095090001000104100004700114245012800161260004100289500006000330502007700390590004100467590004000508590004000548650003400588650004300622856007000665901000700735942001000742942000600752999001900758952013600777952014000913000112536CHAP20220329144311.0160613s2016 mx sm |||||||spa d a108997 a109969 cCHAP aTesis1 aZaragoza Pacheco, José Alejandro913088910aEvaluación Agronómica de híbridos y lineas puras de maíz azulh[En línea]cpor José Alejandro Zaragoza Pacheco. aChapingo, Méx. :bEl autor,c2016. aPara ver el contenido del material haga clic en la liga aTesis (Ing. Agr. Esp. en Fitotecnia) -- UACH. Departamento de Fitotecnia aBATCH-UPDb05c20160613lUCH01h0945 aE5765TAJb05c20160613lUCH01h0944 aE5765TAJb05c20160613lUCH01h094414aMaíz azulxCultivo.913089114aMaíz híbridoxRendimiento.9130890 aFinding aiduhttp://10.13.5.2/tesis/sist112536.pdfzTeclea aquí aBK cTESIS n0 c108997d108997 00104054718TESISaBCbBCd2016-06-13fTESISl0oTesisp33724002523728r2019-12-31 00:00:00w2019-12-31yTESISzRecien adquirido 00102local4053708TESISaBCbBCcPA_TESISd2016-06-13fTESISl0oTesisp33724002523769r2019-12-31 00:00:00tc.2w2019-12-31yTESIS